| 000 | 00526nam a2200181 a 4500 | ||
|---|---|---|---|
| 001 | 1055803 | ||
| 005 | 20241215141353.0 | ||
| 008 | 930915s1991 iaua b 001 0 eng d | ||
| 020 | _a9780697107855 | ||
| 050 | 0 | 4 |
_aQP34.5 _b.F69 1991 |
| 100 | 1 | _aFox, Stuart Ira. | |
| 245 | 1 | 0 |
_aPerspectives on human biology / _cStuart I. Fox. |
| 260 |
_aDubuque, IA : _bWm. C. Brown Publishers, _c[c1991] |
||
| 300 |
_axvii, 524 p. : _bill. (mostly col.) ; _c28 cm. |
||
| 650 | 0 | _aPhysiology. | |
| 650 | 2 | _aPhysiology. | |
| 942 |
_2lcc _cBK _n0 |
||
| 999 |
_c2272 _d2272 |
||